Länder am Atlantischen Ozean - Statistiken

Allgemein
  • Dieses Quiz wurde 40 mal gespielt
  • Das Durchschnittsergebnis liegt bei 83 aus 93
Antwortstatistiken
Ost-/Westfeste Atlantisches Nebenmeer Land % Korrekt
Ostfeste Kattegat, Nordsee, Ostsee Dänemark
100%
Ostfeste Ostsee Finnland
100%
Ostfeste Europäisches Nordmeer Norwegen
100%
Ostfeste Portugal
100%
Ostfeste Ostsee, Kattegat Schweden
100%
Ostfeste Biskaya, Mittelmeer Spanien
100%
Ostfeste Adria Albanien
97%
Westfeste Argentinien
97%
Westfeste Brasilien
97%
Ostfeste Finnischer Meerbusen, Ostsee Estland
97%
Ostfeste Ärmelkanal, Biskaya, Mittelmeer Frankreich
97%
Ostfeste Ägäis, Mittelmeer Griechenland
97%
Westfeste Hudson Bay, Labradorsee, Sankt-Lorenz-Golf Kanada
97%
Ostfeste Adria Kroatien
97%
Westfeste Golf von Mexiko, Karibik Kuba
97%
Ostfeste Ostsee Lettland
97%
Ostfeste Ostsee Litauen
97%
Ostfeste Mittelmeer Marokko
97%
Westfeste Golf von Maine, Golf von Mexiko, Sargassosee Vereinigte Staaten
97%
Ostfeste Adria Bosnien und Herzegowina
94%
Ostfeste Ostsee, Nordsee Deutschland
94%
Ostfeste Guinea
94%
Ostfeste Guinea-Bissau
94%
Ostfeste Irische See, Keltische See Irland
94%
Ostfeste Adria, Mittelmeer Italien
94%
Westfeste Golf von Mexiko Mexiko
94%
Ostfeste Golf von Guinea Nigeria
94%
Westfeste Karibik Panama
94%
Ostfeste Finnischer Meerbusen, Ostsee, Schwarzes Meer Russland
94%
Ostfeste Adria Slowenien
94%
Ostfeste Ägäis, Marmarameer, Mittelmeer, Schwarzes Meer Türkei
94%
Westfeste Uruguay
94%
Westfeste Karibik Venezuela
94%
Ostfeste Ärmelkanal, Irische See, Keltische See, Nordsee Vereinigtes Königreich
94%
Ostfeste Mittelmeer Ägypten
91%
Westfeste Karibik Antigua und Barbuda
91%
Westfeste Karibik Barbados
91%
Ostfeste Nordsee Belgien
91%
Westfeste Karibik Costa Rica
91%
Ostfeste Golf von Guinea Elfenbeinküste
91%
Westfeste Karibik Haiti
91%
Westfeste Karibik Honduras
91%
Ostfeste Island
91%
Ostfeste Mittelmeer Libyen
91%
Ostfeste Mittelmeer Monaco
91%
Ostfeste Adria Montenegro
91%
Ostfeste Namibia
91%
Ostfeste Ostsee Polen
91%
Ostfeste Senegal
91%
Westfeste Karibik St. Vincent und die Grenadinen
91%
Ostfeste Mittelmeer Tunesien
91%
Ostfeste Mittelmeer Zypern
91%
Ostfeste Mittelmeer Algerien
88%
Ostfeste Angola
88%
Ostfeste Golf von Guinea Äquatorialguinea
88%
Westfeste Sargassosee Bahamas
88%
Westfeste Karibik Dominikanische Republik
88%
Ostfeste Golf von Guinea Ghana
88%
Westfeste Karibik Grenada
88%
Ostfeste Golf von Guinea Kamerun
88%
Ostfeste Mittelmeer Libanon
88%
Ostfeste Mittelmeer Malta
88%
Ostfeste Nordsee Niederlande
88%
Westfeste Karibik St. Kitts und Nevis
88%
Westfeste Karibik St.Lucia
88%
Ostfeste Südafrika
88%
Ostfeste Mittelmeer Syrien
88%
Westfeste Karibik Trinidad und Tobago
88%
Westfeste Karibik Belize
85%
Ostfeste Golf von Guinea Benin
85%
Westfeste Magellanstraße Chile
85%
Ostfeste Golf von Guinea Gabun
85%
Ostfeste Gambia
85%
Ostfeste Mittelmeer Israel
85%
Westfeste Karibik Jamaika
85%
Westfeste Karibik Kolumbien
85%
Ostfeste Golf von Guinea Liberia
85%
Westfeste Karibik Dominica
82%
Westfeste Guyana
82%
Ostfeste Kap Verde
82%
Ostfeste Mauretanien
82%
Westfeste Karibik Nicaragua
82%
Westfeste Suriname
82%
Ostfeste Golf von Guinea Togo
82%
Ostfeste Schwarzes Meer Ukraine
82%
Ostfeste Schwarzes Meer Bulgarien
79%
Westfeste Karibik Guatemala
79%
Ostfeste Golf von Guinea São Tomé und Príncipe
79%
Ostfeste Schwarzes Meer Georgien
76%
Ostfeste Schwarzes Meer Rumänien
76%
Ostfeste Sierra Leone
76%
Ostfeste Demokratische Republik Kongo
73%
Ostfeste Republik Kongo
73%
Keine übereinstimmenden Quizze gefunden
Verteilung der Resultate
Anzahl Personen mit jedem Resultat
Perzentil nach korrekt beantworteten Fragen
Ihre Resultats-Entwicklung
Sie haben dieses Quiz noch nicht gespielt